000
00273nam a22001097a 4500
082
_a
004.16 BRE'M
100
_a
BREY, BARRY B
_9
54310
245
_a
MICROPROCESSORS , HARDWARE INTERFACING AND APPLICATIONS
260
_a
DELHI
_b
CBS
_c
1989
300
_a
XII, 413P
942
_c
BK
999
_c
573089
_d
573089